000 00514nam a2200193Ia 4500
003 OSt
005 20260407164301.0
008 210210b1975 xxu||||| |||| 00| 0 eng d
040 _cAL
041 _aHindi
082 _aH891.3 NAGM
100 _aNAGAR (Amratlal).
_dअमृतलाल नागर
_9260574
245 _aManas ka hams.
_bमानस का हंस
260 _aDilli
_bRajpal End Sanj
_c1975
300 _a380
690 _aHindi Fiction
_9260575
906 _aSG02934
942 _2ddc
_cBK
999 _c113853
_d113853